Nákup a predaj softvéru cez internet v roku 2015 – dodávanie elektronických služieb
Nákup, resp. predaj softvéru podľa zákona o dani z pridanej hodnoty je chápaný ako elektronická služba. Všeobecná charakteristika elektronických služieb. Miesto dodania elektronických služieb. V zákone č. 222/2004 o dani z pridanej hodnoty sa elektronickým službám venuje osobitná úprava v paragrafe...
Guardado en:
| Autor principal: | |
|---|---|
| Formato: | Capítulo de libro |
| Lenguaje: | eslovaco |
| Materias: | |
| Etiquetas: |
Sin Etiquetas, Sea el primero en etiquetar este registro!
|
MARC
| LEADER | 00000nla a2200000 4500 | ||
|---|---|---|---|
| 001 | 0199932 | ||
| 005 | 20240502073402.3 | ||
| 041 | 0 | |a slo | |
| 044 | |a SK | ||
| 245 | 1 | 0 | |a Nákup a predaj softvéru cez internet v roku 2015 – dodávanie elektronických služieb |c Juraj Válek |
| 520 | |a Nákup, resp. predaj softvéru podľa zákona o dani z pridanej hodnoty je chápaný ako elektronická služba. Všeobecná charakteristika elektronických služieb. Miesto dodania elektronických služieb. V zákone č. 222/2004 o dani z pridanej hodnoty sa elektronickým službám venuje osobitná úprava v paragrafe 68, 68a a 68b. | ||
| 610 | 2 | 0 | |a služby elektronické |
| 610 | 2 | 0 | |a obchod elektronický |
| 610 | 2 | 0 | |a nákup |
| 610 | 2 | 0 | |a predaj |
| 610 | 2 | 0 | |a dane z hodnoty pridanej |
| 610 | 2 | 0 | |a legislatíva |
| 610 | 2 | 0 | |a Slovensko |
| 610 | 2 | 0 | |a Európska únia |
| 100 | 1 | |a Válek, Juraj, 1981- | |